| 000 | 00599nam a2200169Ia 4500 | ||
|---|---|---|---|
| 008 | 260520s2023 xx 000 0 und d | ||
| 020 | _a978-93-93599-71-1 | ||
| 041 | _amar | ||
| 082 | _a923.6/GAN/PAT | ||
| 100 | _aपाटील, विश्वास | ||
| 245 | _aकस्तुरबा गांधी जीवन चरित्र | ||
| 250 | _a1st ed | ||
| 260 |
_aमुंबई _bमहाराष्ट्र राज्य साहित्य आणि संस्कृती मंडळ _c2023 |
||
| 300 | _a470p. | ||
| 500 | _aCat No: 15198 | ||
| 650 | _aBIOGRAPHIES | ||
| 999 |
_c1221922 _d1221922 |
||